Random Capitals of the World Quiz Stats

Quiz not verified by Sporcle

Challenge
Share
Tweet
Embed
Score 0/40 Timer 10:00
0 Plays Today
Country Capital % Correct
AustriaVienna
94%
ArgentinaBuenos Aires
90.8%
FranceParis
85.6%
ItalyRome
84.2%
China Beijing
84%
EgyptCairo
83.7%
Belgium Brussels
82.9%
SpainMadrid
81.1%
RussiaMoscow
80.3%
Czech Republic Prague
78.9%
NorwayOslo
78.8%
LuxembourgLuxembourg
77.7%
HungaryBudapest
77.3%
PortugalLisbon
76.9%
PeruLima
76.7%
JamaicaKingston
76.4%
New Zealand Wellington
75.1%
Bulgaria Sofia
74.6%
UkraineKyiv (Kiev)
74.5%
KenyaNairobi
72.9%
Country Capital % Correct
Haiti Port-au-Prince
71.3%
Bosnia and Herzegovina Sarajevo
70.7%
GuatemalaGuatemala City
69.6%
VietnamHanoi (Ha Noi)
68.9%
NepalKathmandu
67.4%
QatarDoha
66.4%
Georgia T'bilisi
61.8%
Bahrain Manama
60.9%
SeychellesVictoria
57.8%
ZimbabweHarare
57.2%
Madagascar Antananarivo
56.7%
Bhutan Thimphu
56.4%
LaosVientiane
55%
MontenegroPodgorica
54.8%
YemenSanaa
54.4%
Kyrgyzstan Bishkek
53.9%
TogoLome
53.6%
MaliBamako
52.5%
ZambiaLusaka
50.6%
TuvaluFunafuti
44.7%

You're not logged in!

Compare scores with friends on all Sporcle quizzes.
Sign Up with Email
OR
Log In

You Might Also Like...

Show Comments

Extras

Top Quizzes Today


Score Distribution

Your Account Isn't Verified!

In order to create a playlist on Sporcle, you need to verify the email address you used during registration. Go to your Sporcle Settings to finish the process.